书目信息 |
| 题名: |
实践刑法学·个罪
|
|
| 作者: | 刘树德 著 | |
| 分册: | Ⅰ | |
| 出版信息: | 北京 中国法制出版社 2009.07 |
|
| 页数: | 405页 | |
| 开本: | 23cm | |
| 丛书名: | ||
| 单 册: | ||
| 中图分类: | D924.304 | |
| 科图分类: | ||
| 主题词: | 刑法--细则--研究--中国 , 刑法 , 细则 | |
| 电子资源: | ||
| ISBN: | 978-7-5093-1345-9 | |
| 000 | 00835nam0 22002651 450 | |
| 001 | 004308353 | |
| 005 | 20111224153149.12 | |
| 010 | @a978-7-5093-1345-9@dCNY48.00 | |
| 096 | @aD924.3@blsd | |
| 100 | @a20091104d2009 em y0chiy50 ea | |
| 101 | 0 | @achi |
| 102 | @aCN@b110000 | |
| 105 | @ay z 000yy | |
| 200 | 1 | @a实践刑法学·个罪@9shi jian xing fa xue· ge zui@hⅠ@f刘树德著 |
| 210 | @a北京@c中国法制出版社@d2009.07 | |
| 215 | @a405页@d23cm | |
| 300 | @a法学格致文库·实践刑法学系列 | |
| 330 | @a本书分十三章,内容包括:以危险方法危害公共安全罪,损害商业信誉、商品声誉罪,串通招投标罪、强迫交易罪等。 | |
| 606 | 0 | @a刑法@x细则@x研究@y中国 |
| 606 | 0 | @a刑法 |
| 606 | 0 | @a细则 |
| 690 | @aD924.304@v4 | |
| 701 | 0 | @a刘树德@9liu shu de@f(1970.10~)@4著 |
| 801 | 0 | @aCN@b110017@c20111224 |
| 905 | @aZUCC@dD924.304@eL670@f3 | |
| 实践刑法学·个罪.Ⅰ/刘树德著.-北京:中国法制出版社,2009.07 |
| 405页;23cm |
| 法学格致文库·实践刑法学系列 |
| ISBN 978-7-5093-1345-9:CNY48.00 |
| 本书分十三章,内容包括:以危险方法危害公共安全罪,损害商业信誉、商品声誉罪,串通招投标罪、强迫交易罪等。 |
| ● |
| 相关链接 |
|
|
|
正题名:实践刑法学·个罪
索取号:D924.304/L670
 
预约/预借
| 序号 | 登录号 | 条形码 | 馆藏地/架位号 | 状态 | 备注 |
| 1 | 1066225 | 210662255 | 社科库509/509社科库 98排2列2层/ [索取号:D924.304/L670] | 在馆 | |
| 2 | 1066226 | 210662264 | 社科库509/509社科库 98排2列2层/ [索取号:D924.304/L670] | 在馆 | |
| 3 | 1066227 | 210662273 | 社科库509/509社科库 98排2列2层/ [索取号:D924.304/L670] | 在馆 |